<?xml version="1.0" encoding="UTF-8"?>
<record
    xmlns:xsi="http://www.w3.org/2001/XMLSchema-instance"
    xsi:schemaLocation="http://www.loc.gov/MARC21/slim http://www.loc.gov/standards/marcxml/schema/MARC21slim.xsd"
    xmlns="http://www.loc.gov/MARC21/slim">

  <leader>01010nam a22001937a 4500</leader>
  <controlfield tag="005">20150124123536.0</controlfield>
  <controlfield tag="008">120613t        mx||||| |||| 00| 0 spa d</controlfield>
  <datafield tag="050" ind1="0" ind2="4">
    <subfield code="a">F1229</subfield>
    <subfield code="b">C38 1836</subfield>
  </datafield>
  <datafield tag="100" ind1="1" ind2=" ">
    <subfield code="a">Cavo, Andr&#xE9;s,</subfield>
    <subfield code="d">[1739-1803]</subfield>
  </datafield>
  <datafield tag="245" ind1="1" ind2="0">
    <subfield code="a">Los Tres siglos de M&#xE9;xico durante el gobierno espa&#xF1;ol hasta la entrada del Ejercito Trigarante/</subfield>
    <subfield code="c">obra escrita en Roma por Andr&#xE9;s Cavo ; publicada con notas y suplemento por Carlos Mar&#xED;a de Bustamante.</subfield>
  </datafield>
  <datafield tag="250" ind1=" " ind2=" ">
    <subfield code="a">1a. ed.</subfield>
  </datafield>
  <datafield tag="260" ind1=" " ind2=" ">
    <subfield code="a">M&#xE9;xico :</subfield>
    <subfield code="b">Luis Abadiano y Vald&#xE9;s : Imprenta de la Testamentaria de D. Alejandro Vald&#xE9;s,</subfield>
    <subfield code="c">1836</subfield>
  </datafield>
  <datafield tag="300" ind1=" " ind2=" ">
    <subfield code="a">2 v. ;</subfield>
    <subfield code="c">21 cm.</subfield>
  </datafield>
  <datafield tag="500" ind1=" " ind2=" ">
    <subfield code="a">Nota : El vol&#xFA;men 1 contiene los tomos I-II y el vol&#xFA;men 2 contiene los tomos III-IV (suplemento)</subfield>
  </datafield>
  <datafield tag="650" ind1=" " ind2="7">
    <subfield code="2">LEMB</subfield>
    <subfield code="a">M&#xE9;xico </subfield>
    <subfield code="x">Historia </subfield>
    <subfield code="x">Colonia, 1517-1821 </subfield>
    <subfield code="x">Cronolog&#xED;a</subfield>
    <subfield code="v">Fuentes</subfield>
  </datafield>
  <datafield tag="650" ind1=" " ind2="7">
    <subfield code="2">LEMB</subfield>
    <subfield code="a">M&#xE9;xico </subfield>
    <subfield code="x">Historia </subfield>
    <subfield code="x">Guerra de independencia, 1810-1821</subfield>
    <subfield code="x">Cronolog&#xED;a</subfield>
    <subfield code="v">Fuentes</subfield>
  </datafield>
  <datafield tag="700" ind1="1" ind2=" ">
    <subfield code="a">Bustamente, Carlos Mar&#xED;a de,</subfield>
    <subfield code="c">[Lic.],</subfield>
    <subfield code="d">[1774-1848],</subfield>
    <subfield code="e">publicaci&#xF3;n</subfield>
  </datafield>
  <datafield tag="942" ind1=" " ind2=" ">
    <subfield code="2">lcc</subfield>
    <subfield code="c">LIB</subfield>
  </datafield>
  <datafield tag="999" ind1=" " ind2=" ">
    <subfield code="c">31615</subfield>
    <subfield code="d">31615</subfield>
  </datafield>
  <datafield tag="952" ind1=" " ind2=" ">
    <subfield code="1">0</subfield>
    <subfield code="2">lcc</subfield>
    <subfield code="4">0</subfield>
    <subfield code="7">0</subfield>
    <subfield code="a">INV-033</subfield>
    <subfield code="b">INV-033</subfield>
    <subfield code="c">FA</subfield>
    <subfield code="d">2012-06-13</subfield>
    <subfield code="f">1a ed.</subfield>
    <subfield code="i">H</subfield>
    <subfield code="k">CSA</subfield>
    <subfield code="o">F1229 C38 1836 T.I-T.II</subfield>
    <subfield code="p">IIH000006061</subfield>
    <subfield code="r">2012-06-13 00:00:00</subfield>
    <subfield code="t">C:1</subfield>
    <subfield code="v">1.00</subfield>
    <subfield code="y">LIB</subfield>
    <subfield code="z">A-ANTIGUO </subfield>
  </datafield>
  <datafield tag="952" ind1=" " ind2=" ">
    <subfield code="1">0</subfield>
    <subfield code="2">lcc</subfield>
    <subfield code="4">0</subfield>
    <subfield code="7">0</subfield>
    <subfield code="a">INV-033</subfield>
    <subfield code="b">INV-033</subfield>
    <subfield code="c">FA</subfield>
    <subfield code="d">2012-06-13</subfield>
    <subfield code="f">1a ed.</subfield>
    <subfield code="i">H</subfield>
    <subfield code="k">CSA</subfield>
    <subfield code="o">F1229 C38 1836 T.III-T.IV</subfield>
    <subfield code="p">IIH000006062</subfield>
    <subfield code="r">2012-06-13 00:00:00</subfield>
    <subfield code="t">C:1</subfield>
    <subfield code="v">1.00</subfield>
    <subfield code="y">LIB</subfield>
    <subfield code="z">A-ANTIGUO </subfield>
  </datafield>
</record>
